Dictionnaire d'électronique et guide d'ondes (en six languages)

Na minha lista:
Detalhes bibliográficos
Formato: Livro
Idioma:Undetermined
Publicado em: Paris Elsevier 1966
Assuntos:
Tags: Adicionar Tag
Sem tags, seja o primeiro a adicionar uma tag!
Thư viện lưu trữ: Trung tâm Học liệu Trường Đại học Cần Thơ
LEADER 00467nam a2200157Ia 4500
001 CTU_26214
008 210402s9999 xx 000 0 und d
082 |a 537.03 
082 |b C614 
245 0 |a Dictionnaire d'électronique et guide d'ondes (en six languages) 
260 |a Paris 
260 |b Elsevier 
260 |c 1966 
650 |a electronics,physical science - dictionaries 
904 |i Minh, 981012 
980 |a Trung tâm Học liệu Trường Đại học Cần Thơ